000 00437 a2200157 4500
999 _c6405
_d6405
020 _a9780855984830
050 _aZ665POW1999
100 _aPowell, Mike
_eauthor
245 _aInformation management for development organisations /
_cMike Powell
250 _a2nd ed
264 _aOxford :
_b Oxfam,
_c1999
300 _a294p. :
500 _aincludes index
650 _aInformation resources management.
942 _2lcc
_cBK
_h665
_iPOW
_kZ